WWE Quiz: The Undertaker - Statistics

General Stats
  • This quiz has been taken 114 times
  • The average score is 9 of 17
Answer Stats
Question Answer % Correct
Who beat Undertaker at Wrestlemania for his streak? Brock Lesnar
92%
Who was Undertaker's very first Wrestlemania opponent? 'Superfly' Jimmy Snuka
77%
Who was the second and last person to defeat the Undertaker at Wrestlemania? Roman Reigns
69%
What pay-per-view did Undertaker debut at? Survivor Series
69%
Who was Undertaker's last opponent at Wrestlemania? AJ Styles
62%
Who did Undertaker defeat at his first Hell in a Cell match at Wrestlemania? (Only at WM and not outside of it, like Shawn Michaels at In Your House) Big Boss Man (R.I.P)
62%
Who was Undertaker's tallest opponent at Wrestlemania? Giant Gonzalez
62%
Who did Undertaker face in the first ever Hell in a Cell match? Shawn Michaels
62%
Who did Undertaker defeat to win his first World Heavyweight Championship at Wrestlmania? (Not outside of Wrestlemania) Batista
54%
What was the Undertaker's first championship win at Wrestlemania? WWF Championship (WWE Championship)
54%
Who did Undertaker defeat for his second World Heavyweight Championship win at Wrestlemania? (Again, not outside of Wrestlemania) Edge
46%
Who challenged the Undertaker explicitly to end the Streak? Randy Orton
46%
How many times has the Undertaker tapped out in his entire career? (Referee not seeing him tap, tapping out the same time he was pinned and untelevised matches don't count) He never did
38%
Who was another famous wrestler that debuted at the same pay-per-view as Undertaker and a part as a team? The Rock
38%
How many times has Undertaker defeated both Shawn Michaels and Triple H at Wrestlemania? Twice for Shawn and three times for HHH
38%
How many times has Undertaker appeared on NXT? Once
23%
How many times has The Undertaker appeared on ECW? Twice
8%
No matching quizzes found
Score Distribution
Percent of People with Each Score
Percentile by Number Answered
Your Score History
You have not taken this quiz